| 000 | 00000nam 2200000za 4500 |
| 001 | 9.803416 |
| 003 | CaOODSP |
| 005 | 20240612102706 |
| 007 | cr ||||||||||| |
| 008 | 150406s2015 onc|||||o f00| 0 fre d |
| 040 | |aCaOODSP|bfre |
| 043 | |an-cn--- |
| 086 | 1 |aRv55-5/3-1-8-2015F-PDF |
| 245 | 00|aTransport du fret – exportations |h[ressource électronique]. |
| 260 | |aOttawa : |bAgence des services frontaliers du Canada, |c2015. |
| 300 | |a10 p. |
| 490 | 1 |aMémorandums D des douanes. D3, Transport ; |x2369-2405|vD3-1-8, le 17 août 2015 |
| 500 | |aCeci annule le mémorandum D – D3-1-8 daté le 4 mai 2007. |
| 500 | |aPublié aussi en anglais sous le titre : Cargo – export movements. |
| 504 | |aComprend des références bibliographiques. |
| 692 | 07|2gccst|aTransport |
| 710 | 2 |aAgence des services frontaliers du Canada. |
| 775 | 08|tCargo – export movements |w(CaOODSP)9.803415 |
| 794 | |tTransport du fret – exportations |w(CaOODSP)9.837737 |
| 830 | #0|aMémorandums D des douanes. D3, Transport,|x2369-2405|vD3-1-8, le 17 août 2015|w(CaOODSP)9.816826 |
| 856 | 40|qPDF|s107 Ko|uhttps://publications.gc.ca/collections/collection_2015/asfc-cbsa/Rv55-5-3-1-8-2015-fra.pdf |